Di sebalik simbol kenegaraan

Bibliographic Details
Main Author: Mohd. Zahari Ishak
Format: Book
Published: Melaka : Associated Educational Distributors , 2006
Series:Siri kenegaraan dan patriotisme
Subjects:

MARC

LEADER 00000cam a2200000 7i4500
001 0000014245
005 20151222.0
008 080225
020 |a 9679489124 
090 0 0 |a EDU MAL 
100 0 |a Mohd. Zahari Ishak 
245 1 0 |a Di sebalik simbol kenegaraan   |c Mohd. Zahari Ishak 
260 |a Melaka :   |b Associated Educational Distributors ,   |c 2006 
440 |a Siri kenegaraan dan patriotisme 
500 |a Children ages 10-12 years old (pink) 
650 0 |a Malay language   |x Readers 
999 |a 0000920926   |b Book   |c Children Collection   |e Cawangan Bukit Gambir 
999 |a 0000920927   |b Book   |c Children Collection   |e Cawangan Bukit Gambir 
999 |a 0000932516   |b Book   |c Children Collection   |e Cawangan Tangkak 
999 |a 0000932517   |b Book   |c Children Collection   |e Cawangan Tangkak 
999 |a 0000932518   |b Book   |c Children Collection   |e Cawangan Tangkak 
999 |a 0000946003   |b Book   |c Children Collection   |e Cawangan Taman Sri Lambak 
999 |a 0000946004   |b Book   |c Children Collection   |e Cawangan Taman Sri Lambak 
999 |a 0000946005   |b Book   |c Children Collection   |e Cawangan Taman Sri Lambak 
999 |a 0001012335   |b Book   |c Children Collection   |e Perbadanan Perpustakaan Awam Johor 
999 |a 0001012336   |b Book   |c Children Collection   |e Perbadanan Perpustakaan Awam Johor